000 00797cab a2200241 4500
001 WB3045-45
008 090401t1994 xxu||||| |||| 00| 0 eng d
035 _a(Sirsi) u16499
041 _aeng
245 _aVirtual real estate
260 _c1994
350 _a0
490 _aIndependent
_v28 November 1994, 25
490 _aEuropean
_v2 December 1994, 24(1)
520 _aAn interactive marketing tool is set to transform the way big commercial properties are sold, allowing potential tenants to walk round buildings without leaving their desks.
650 _aAGENCY SYSTEMS
650 _aCAPITAL AND CONTINENTAL
650 _aCOMMERCIAL AGENCY
650 _aVIRTUAL REALITY
690 _aMANAGEMENT-BUSINESS MANAGEMENT-INFORMATION MANAGEMENT
942 _n0
948 _c04/03/1997
999 _c10867
_d10867